000 00434nam a2200157 4500
999 _c510502
_d510502
008 190820b ||||| |||| 00| 0 eng d
100 _aGovil, Punita
_98600
245 _aRevisiting Lyngdoh Committee report: an introspection
260 _c2019
300 _ap.21-28.
650 _aLyngdoh Committee Report
_98601
650 _aStudents unions
_98602
773 _aUniversity News
906 _aStudents union
942 _2ddc
_cAR